000 00519nam a2200181Ia 4500
008 151202s9999||||xx |||||||||||||| ||und||
082 _bPNVM-65137
100 _aहरकारे अरुण.
245 _aकल्पनेचा खेळ.
260 _b---
260 _c0
300 _a0
600 _aहरकारे अरुण.
630 _aकल्पनेचा खेळ.
700 _aहरकारे अरुण.
730 _aकल्पनेचा खेळ.
942 _cBOOK
999 _c1331669
_d1331666